Cuentos para seguir creciendo : para estudiantes que terminan el educación básica /
Guardado en:
| Otros Autores: | |
|---|---|
| Formato: | Libro |
| Publicado: |
Buenos Aires :
El Ministerio,
2006
|
| Materias: | |
| Etiquetas: |
Agregar Etiqueta
Sin Etiquetas, Sea el primero en etiquetar este registro!
|
| LEADER | 02131nam a22002175a 4500 | ||
|---|---|---|---|
| 001 | CEM.cems013326 | ||
| 005 | 20110408113808.0 | ||
| 008 | 130507s2006##################000#0#####d | ||
| 003 | CEMS | ||
| 082 | 0 | 4 | |a 808.8 |
| 245 | 0 | 0 | |a Cuentos para seguir creciendo : |b para estudiantes que terminan el educación básica / |c Compilador Mempo Giardinelli |
| 260 | |a Buenos Aires : |b El Ministerio, |c 2006 | ||
| 300 | |a 142 p. | ||
| 505 | 0 | |a Plaza / Laura Devetach -- Sherlock Holmes, sus límites / Arthur Conan Doyle -- Los viejos interminables. Cuento de tradición popular húngara -- Yarará como manguera / Mempo Giardinelli -- Responsabilidad estética / Luis María Pescetti -- Mil grullas / Elsa Bornemann -- Oda al día feliz / Pablo Neruda -- María Guimar / Paulina Martínez, Eva Rey y Pirucha Romera -- Los problemas de la oveja negra / Patricia Suarez -- El precursor de Cervantes / Marco Denevi -- El gigante egoísta / Oscar Wilde -- Mirar la luna / Adela Basch -- El señor Peruchio tiene calor / Ricardo Mariño -- La tormenta / Daniel Defoe -- Una historia de amor con el final de río / Graciela Bialet -- Felinos / Raúl Brasca -- La colonia del Sr. Vernet / Silvia Plager y Elsa Fraga Vidal -- Todos los no / Ana María Shúa -- Adiós a la infancia / Marco Antonio Campos -- Mi sombra / Enrique Anderson Imbert -- Malas palabras / Luis María Pescetti -- Bendición de dragón / Gustavo Roldán -- Maldición de dragón / Gustavo Roldán -- Espiral / Enrique Anderson Imbert -- Radar en la tormenta / Alfredo Veiravé -- Tracatatracata, scarabaeus sacer / Jorge Accame -- El cautivo de los indios / Fernando Operé -- La nuez y el campanario / Leonardo Da Vinci -- Hormigas y corno / Ema Wolf -- Antipoesía número 10 / Eduardo Fracchia -- Antipoesía número 11 / Eduardo Fracchia -- Luces y sombras / Orlando Van Bredam | |
| 653 | |a Literatura | ||
| 653 | |a Antología-cuentos | ||
| 653 | |a Cuentos | ||
| 653 | |a Campaña nacional de lectura | ||
| 700 | 1 | |a Giardinelli, Mempo, comp. | |
| 859 | |a CEMS |b BIB. CEMS - 11 de abril |h 808.8 |i Ar37-5 |p 25826.10 |t Ej.1 | ||
| 859 | |a CEMS |b BIB. CEMS - 11 de abril |h 808.8 |i Ar37-5 |p 25827.10 |t Ej.2 | ||
